[Event "New Zealand Junior Championship"]
[Site "Wellington"]
[Date "2023.01.08"]
[Round "6.13"]
[White "Zhou, Adele"]
[Black "Suggate, Romero"]
[Result "0-1"]
[WhiteElo "1166"]
[BlackElo "2049"]

1. e4 {[%clk 01:00:59] [%emt 00:03:42]} 1... c5 {[%clk 01:00:53] [%emt
00:00:08]} 2. c3 {[%clk 01:01:24] [%emt 00:00:05]} 2... Nf6 {[%clk 01:00:56]
[%emt 00:00:27]} 3. e5 {[%clk 01:00:45] [%emt 00:01:09]} 3... Nd5 {[%clk
01:01:08] [%emt 00:00:19]} 4. d4 {[%clk 01:00:06] [%emt 00:01:09]} 4... cxd4
{[%clk 00:59:46] [%emt 00:01:52]} 5. cxd4 {[%clk 01:00:20] [%emt 00:00:16]}
5... Nc6 {[%clk 00:57:02] [%emt 00:03:15]} 6. Nf3 {[%clk 00:59:18] [%emt
00:01:31]} 6... e6 {[%clk 00:56:52] [%emt 00:00:40]} 7. Nc3 {[%clk 00:53:49]
[%emt 00:05:58]} 7... d6 {[%clk 00:55:43] [%emt 00:01:39]} 8. Nxd5 {[%clk
00:52:50] [%emt 00:01:29]} 8... exd5 {[%clk 00:56:10] [%emt 00:00:04]} 9. Be3
{[%clk 00:48:51] [%emt 00:04:29]} 9... Bg4 {[%clk 00:53:24] [%emt 00:03:15]}
10. exd6 {[%clk 00:46:32] [%emt 00:02:49]} 10... Bxd6 {[%clk 00:53:26] [%emt
00:00:29]} 11. Be2 {[%clk 00:46:09] [%emt 00:00:57]} 11... Qa5+ {[%clk
00:53:23] [%emt 00:00:30]} 12. Bd2 {[%clk 00:41:34] [%emt 00:05:03]} 12... Qb6
{[%clk 00:53:17] [%emt 00:00:37]} 13. Bc3 {[%clk 00:36:40] [%emt 00:05:24]}
13... O-O {[%clk 00:50:04] [%emt 00:03:43]} 14. O-O {[%clk 00:36:42] [%emt
00:00:27]} 14... Rfe8 {[%clk 00:48:47] [%emt 00:01:48]} 15. Re1 {[%clk
00:35:14] [%emt 00:01:58]} 15... Qc7 {[%clk 00:45:49] [%emt 00:03:27]} 16. h3
{[%clk 00:34:11] [%emt 00:01:33]} 16... Bh5 {[%clk 00:45:28] [%emt 00:00:51]}
17. Nh4 {[%clk 00:32:06] [%emt 00:02:34]} 17... Bxe2 {[%clk 00:43:41] [%emt
00:02:19]} 18. Rxe2 {[%clk 00:32:25] [%emt 00:00:10]} 18... b5 {[%clk 00:43:28]
[%emt 00:00:44]} 19. Nf3 {[%clk 00:25:29] [%emt 00:07:26]} 19... b4 {[%clk
00:40:56] [%emt 00:03:02]} 20. Bd2 {[%clk 00:24:40] [%emt 00:01:19]} 20... Qb6
{[%clk 00:39:23] [%emt 00:02:04]} 21. Rxe8+ {[%clk 00:24:30] [%emt 00:00:39]}
21... Rxe8 {[%clk 00:39:51] [%emt 00:00:02]} 22. Be3 {[%clk 00:24:40] [%emt
00:00:19]} 22... Na5 {[%clk 00:35:09] [%emt 00:05:12]} 23. b3 {[%clk 00:24:13]
[%emt 00:00:57]} 23... Nb7 {[%clk 00:34:42] [%emt 00:00:57]} 24. Rc1 {[%clk
00:23:43] [%emt 00:00:57]} 24... Bb8 {[%clk 00:33:47] [%emt 00:01:29]} 25. Ne5
{[%clk 00:21:55] [%emt 00:02:18]} 25... Qa6 {[%clk 00:29:04] [%emt 00:05:13]}
26. Nd3 {[%clk 00:19:42] [%emt 00:02:42]} 26... Qb5 {[%clk 00:27:48] [%emt
00:01:48]} 27. Nc5 {[%clk 00:18:31] [%emt 00:01:40]} 27... Nd6 {[%clk 00:26:16]
[%emt 00:02:01]} 28. Qf3 {[%clk 00:16:06] [%emt 00:02:44]} 28... Ne4 {[%clk
00:25:17] [%emt 00:01:41]} 29. Qf5 {[%clk 00:14:50] [%emt 00:01:29]} 29... Nc3
{[%clk 00:24:35] [%emt 00:01:29]} 30. Rc2 {[%clk 00:14:11] [%emt 00:01:04]}
30... Ne2+ {[%clk 00:23:58] [%emt 00:01:11]} 31. Kh1 {[%clk 00:14:27] [%emt
00:00:14]} 31... Nxd4 {[%clk 00:24:01] [%emt 00:00:27]} 32. Qd3 {[%clk
00:13:38] [%emt 00:01:20]} 32... Qxd3 {[%clk 00:24:22] [%emt 00:00:09]} 33.
Nxd3 {[%clk 00:14:02] [%emt 00:00:06]} 33... Nxc2 {[%clk 00:24:47] [%emt
00:00:05]} 34. Bc5 {[%clk 00:14:07] [%emt 00:00:25]} 34... Re2 {[%clk 00:24:48]
[%emt 00:00:30]} 0-1

[Event "New Zealand Junior Championship"]
[Site "Wellington"]
[Date "2023.01.08"]
[Round "6.15"]
[White "Zhou, Martin"]
[Black "Tang, Tracy"]
[Result "0-1"]
[WhiteElo "1061"]
[BlackElo "1538"]

1. c4 {[%clk 01:00:58]} 1... Nf6 {[%clk 01:00:47] [%emt 00:00:14]} 2. Nc3
{[%clk 01:01:15] [%emt 00:00:12]} 2... e5 {[%clk 01:00:30] [%emt 00:00:47]} 3.
d3 {[%clk 00:59:56] [%emt 00:01:49]} 3... c5 {[%clk 00:54:52] [%emt 00:06:08]}
4. Nf3 {[%clk 01:00:17] [%emt 00:00:09]} 4... Nc6 {[%clk 00:55:02] [%emt
00:00:20]} 5. Bg5 {[%clk 01:00:35] [%emt 00:00:11]} 5... Be7 {[%clk 00:53:42]
[%emt 00:01:51]} 6. Bxf6 {[%clk 01:00:31] [%emt 00:00:33]} 6... Bxf6 {[%clk
00:53:33] [%emt 00:00:40]} 7. Nd2 {[%clk 00:56:21] [%emt 00:04:41]} 7... d6
{[%clk 00:52:19] [%emt 00:01:45]} 8. g3 {[%clk 00:54:27] [%emt 00:02:23]} 8...
Be6 {[%clk 00:51:12] [%emt 00:01:37]} 9. Bg2 {[%clk 00:52:36] [%emt 00:02:22]}
9... Qd7 {[%clk 00:49:03] [%emt 00:02:39]} 10. Nde4 {[%clk 00:52:04] [%emt
00:01:02]} 10... Be7 {[%clk 00:47:58] [%emt 00:01:35]} 11. O-O {[%clk 00:50:31]
[%emt 00:02:02]} 11... f5 {[%clk 00:47:21] [%emt 00:01:09]} 12. Nd2 {[%clk
00:50:18] [%emt 00:00:39]} 12... h5 {[%clk 00:41:50] [%emt 00:06:03]} 13. a3
{[%clk 00:47:58] [%emt 00:02:51]} 13... g5 {[%clk 00:39:44] [%emt 00:02:35]}
14. e3 {[%clk 00:48:01] [%emt 00:00:27]} 14... h4 {[%clk 00:36:19] [%emt
00:03:55]} 15. Ne2 {[%clk 00:46:51] [%emt 00:01:39]} 15... Bf6 {[%clk 00:34:43]
[%emt 00:02:07]} 16. Rb1 {[%clk 00:46:55] [%emt 00:00:26]} 16... f4 {[%clk
00:30:31] [%emt 00:04:41]} 17. Ne4 {[%clk 00:46:11] [%emt 00:01:13]} 17... Bd8
{[%clk 00:29:25] [%emt 00:01:36]} 18. b4 {[%clk 00:46:23] [%emt 00:00:19]}
18... b6 {[%clk 00:22:45] [%emt 00:07:10]} 19. Qa4 {[%clk 00:46:13] [%emt
00:00:40]} 19... Rc8 {[%clk 00:21:42] [%emt 00:01:33]} 20. bxc5 {[%clk
00:44:06] [%emt 00:02:38]} 20... dxc5 {[%clk 00:21:18] [%emt 00:00:55]} 21.
exf4 {[%clk 00:41:44] [%emt 00:02:51]} 21... gxf4 {[%clk 00:21:12] [%emt
00:00:36]} 22. Rfd1 {[%clk 00:36:18] [%emt 00:05:56]} 22... Rf8 {[%clk
00:16:25] [%emt 00:05:16]} 23. gxf4 {[%clk 00:34:10] [%emt 00:02:37]} 23... Rg8
{[%clk 00:13:56] [%emt 00:03:00]} 24. Kh1 {[%clk 00:33:29] [%emt 00:01:11]}
24... h3 {[%clk 00:10:37] [%emt 00:03:49]} 25. Bf3 {[%clk 00:33:34] [%emt
00:00:26]} 25... Bg4 {[%clk 00:10:27] [%emt 00:00:39]} 26. Bxg4 {[%clk
00:30:40] [%emt 00:03:24]} 26... Qxg4 {[%clk 00:10:43] [%emt 00:00:13]} 0-1

[Event "New Zealand Junior Championship"]
[Site "Wellington"]
[ePGN "0.1;DGT LiveChess/2.2.5"]
[Date "2023.01.09"]
[Round "7.1"]
[White "Young, Cohen"]
[Black "Gong, Daniel Hanwen"]
[Result "1/2-1/2"]
[TimeControl "60 mins plus 30 secs per move"]
[BlackTitle "FM"]
[WhiteFideId "4317440"]
[BlackFideId "4303962"]
[WhiteElo "1994"]
[BlackElo "2388"]

1. e4 {[%clk 01:00:59]} c5 {[%clk 01:00:54]} {[%emt 00:00:07]} 2. Nf3 {[%clk
01:01:26]} {[%emt 00:00:03]} e6 {[%clk 01:01:19]} {[%emt 00:00:05]} 3. d4
{[%clk 01:01:54]} {[%emt 00:00:03]} cxd4 {[%clk 01:01:46]} {[%emt 00:00:03]} 4.
Nxd4 {[%clk 01:02:20]} {[%emt 00:00:04]} a6 {[%clk 01:02:12]} {[%emt 00:00:04]}
5. c4 {[%clk 01:02:45]} {[%emt 00:00:06]} Nf6 {[%clk 01:02:18]} {[%emt
00:00:23]} 6. Nc3 {[%clk 01:03:11]} {[%emt 00:00:04]} Bb4 {[%clk 01:02:44]}
{[%emt 00:00:04]} 7. Qd3 {[%clk 01:03:38]} {[%emt 00:00:03]} d6 {[%clk
01:03:08]} {[%emt 00:00:05]} 8. f3 {[%clk 01:03:13]} {[%emt 00:00:55]} Nbd7
{[%clk 01:02:40]} {[%emt 00:00:59]} 9. Be3 {[%clk 00:56:30]} {[%emt 00:07:13]}
O-O {[%clk 01:02:52]} {[%emt 00:00:17]} 10. Nc2 {[%clk 00:55:39]} {[%emt
00:01:21]} Bxc3+ {[%clk 01:00:45]} {[%emt 00:02:38]} 11. Qxc3 {[%clk 00:55:57]}
{[%emt 00:00:12]} Qc7 {[%clk 01:01:01]} {[%emt 00:00:13]} 12. Rd1 {[%clk
00:53:20]} {[%emt 00:03:06]} Rd8 {[%clk 00:58:12]} {[%emt 00:03:20]} 13. Bf4
{[%clk 00:50:46]} {[%emt 00:03:05]} Ne8 {[%clk 00:56:39]} {[%emt 00:02:03]} 14.
Be2 {[%clk 00:47:22]} {[%emt 00:03:54]} b6 {[%clk 00:55:59]} {[%emt 00:01:11]}
15. O-O {[%clk 00:46:40]} {[%emt 00:01:11]} Bb7 {[%clk 00:56:24]} {[%emt
00:00:06]} 16. Rd2 {[%clk 00:43:46]} {[%emt 00:03:23]} Rac8 {[%clk 00:53:32]}
{[%emt 00:03:23]} 17. Rfd1 {[%clk 00:43:24]} {[%emt 00:00:52]} e5 {[%clk
00:53:10]} {[%emt 00:00:52]} 18. Be3 {[%clk 00:42:02]} {[%emt 00:01:51]} Nc5
{[%clk 00:52:36]} {[%emt 00:01:04]} 19. Bf2 {[%clk 00:33:59]} {[%emt 00:08:33]}
Rb8 {[%clk 00:50:09]} {[%emt 00:02:58]} 20. Ne3 {[%clk 00:33:26]} {[%emt
00:01:02]} Ne6 {[%clk 00:49:18]} {[%emt 00:01:21]} 21. Nd5 {[%clk 00:30:19]}
{[%emt 00:03:37]} Bxd5 {[%clk 00:49:25]} {[%emt 00:00:23]} 22. cxd5 {[%clk
00:30:37]} {[%emt 00:00:12]} Nf4 {[%clk 00:41:10]} {[%emt 00:08:45]} 23. Qxc7
{[%clk 00:23:54]} {[%emt 00:07:12]} Nxc7 {[%clk 00:41:38]} {[%emt 00:00:03]} 24.
Bf1 {[%clk 00:24:06]} {[%emt 00:00:17]} b5 {[%clk 00:36:49]} {[%emt 00:05:20]}
25. g3 {[%clk 00:24:10]} {[%emt 00:00:26]} Ng6 {[%clk 00:37:15]} {[%emt
00:00:04]} 26. Rc1 {[%clk 00:23:49]} {[%emt 00:00:51]} Ne8 {[%clk 00:36:24]}
{[%emt 00:01:21]} 27. Rdc2 {[%clk 00:22:30]} {[%emt 00:01:50]} Ne7 {[%clk
00:35:05]} {[%emt 00:01:49]} 28. Bh3 {[%clk 00:22:07]} {[%emt 00:00:52]} g6
{[%clk 00:33:59]} {[%emt 00:01:37]} 29. Be1 {[%clk 00:22:07]} {[%emt 00:00:29]}
f5 {[%clk 00:34:21]} {[%emt 00:00:08]} 30. Ba5 {[%clk 00:22:20]} {[%emt
00:00:18]} Rd7 {[%clk 00:34:47]} {[%emt 00:00:04]} 31. b4 {[%clk 00:22:02]}
{[%emt 00:00:47]} Kg7 {[%clk 00:32:52]} {[%emt 00:02:24]} 32. Kf2 {[%clk
00:21:24]} {[%emt 00:01:09]} Kf6 {[%clk 00:28:45]} {[%emt 00:04:38]} 33. Ke3
{[%clk 00:21:02]} {[%emt 00:00:52]} Ra7 {[%clk 00:29:06]} {[%emt 00:00:08]}
1/2-1/2

[Event "New Zealand Junior Championship"]
[Site "Wellington"]
[Date "2023.01.09"]
[Round "7.2"]
[White "Mao, Daqi"]
[Black "Kerr, Atlas"]
[Result "1-0"]
[TimeControl "60 mins plus 30 secs per move"]
[WhiteFideId "4311370"]
[BlackFideId "4319486"]
[WhiteElo "2085"]
[BlackElo "1953"]

1. d4 {[%clk 01:00:57]} {[%emt 00:00:02]} Nf6 {[%clk 01:00:52]} {[%emt
00:00:11]} 2. c4 {[%clk 01:01:24]} {[%emt 00:00:01]} e6 {[%clk 01:01:15]}
{[%emt 00:00:06]} 3. Nf3 {[%clk 01:01:50]} {[%emt 00:00:04]} b6 {[%clk
01:01:15]} {[%emt 00:00:30]} 4. g3 {[%clk 01:02:11]} {[%emt 00:00:09]} Bb7
{[%clk 01:01:35]} {[%emt 00:00:10]} 5. Bg2 {[%clk 01:02:37]} {[%emt 00:00:04]}
Be7 {[%clk 01:01:10]} {[%emt 00:00:56]} 6. O-O {[%clk 01:02:57]} {[%emt
00:00:09]} O-O {[%clk 01:01:07]} {[%emt 00:00:33]} 7. Nc3 {[%clk 01:03:12]}
{[%emt 00:00:14]} d5 {[%clk 01:00:22]} {[%emt 00:01:16]} 8. cxd5 {[%clk
01:00:09]} {[%emt 00:03:36]} Nxd5 {[%clk 00:59:35]} {[%emt 00:01:14]} 9. Nxd5
{[%clk 00:59:52]} {[%emt 00:00:46]} Bxd5 {[%clk 00:59:46]} {[%emt 00:00:20]} 10.
Qc2 {[%clk 00:59:40]} {[%emt 00:00:42]} Nd7 {[%clk 00:57:38]} {[%emt 00:02:38]}
11. e4 {[%clk 00:59:14]} {[%emt 00:00:55]} Bb7 {[%clk 00:57:06]} {[%emt
00:01:03]} 12. Bf4 {[%clk 00:57:17]} {[%emt 00:02:27]} Rc8 {[%clk 00:54:36]}
{[%emt 00:03:00]} 13. Rad1 {[%clk 00:56:36]} {[%emt 00:01:11]} Nf6 {[%clk
00:53:56]} {[%emt 00:01:10]} 14. Rfe1 {[%clk 00:54:52]} {[%emt 00:02:14]} Bb4
{[%clk 00:52:17]} {[%emt 00:02:09]} 15. Bd2 {[%clk 00:53:59]} {[%emt 00:01:22]}
Bxd2 {[%clk 00:51:15]} {[%emt 00:01:33]} 16. Rxd2 {[%clk 00:54:14]} {[%emt
00:00:14]} Qe7 {[%clk 00:50:09]} {[%emt 00:01:37]} 17. Bh3 {[%clk 00:51:18]}
{[%emt 00:03:26]} c6 {[%clk 00:45:14]} {[%emt 00:05:25]} 18. Qd1 {[%clk
00:49:37]} {[%emt 00:02:10]} Rfd8 {[%clk 00:45:04]} {[%emt 00:00:41]} 19. Ne5
{[%clk 00:47:12]} {[%emt 00:02:54]} Ne8 {[%clk 00:39:17]} {[%emt 00:06:17]} 20.
f4 {[%clk 00:37:35]} {[%emt 00:10:07]} Nd6 {[%clk 00:34:43]} {[%emt 00:05:04]}
21. b3 {[%clk 00:18:22]} {[%emt 00:19:42]} Rc7 {[%clk 00:22:46]} {[%emt
00:12:27]} 22. Nf3 {[%clk 00:16:12]} {[%emt 00:02:40]} c5 {[%clk 00:20:38]}
{[%emt 00:02:39]} 23. dxc5 {[%clk 00:15:03]} {[%emt 00:01:09]} 1-0

[Event "New Zealand Junior Championship"]
[Site "Wellington"]
[Date "2023.01.09"]
[Round "7.3"]
[White "Malcolm, Leo"]
[Black "Paxton, Levi"]
[Result "1-0"]
[TimeControl "60 mins plus 30 secs per move"]
[WhiteFideId "4317408"]
[BlackFideId "4317211"]
[WhiteElo "1777"]
[BlackElo "1912"]

1. d4 {[%clk 01:00:58]} Nf6 {[%clk 01:00:53]} {[%emt 00:00:08]} 2. Nf3 {[%clk
01:01:21]} {[%emt 00:00:07]} e6 {[%clk 00:59:39]} {[%emt 00:01:45]} 3. c4
{[%clk 01:00:58]} {[%emt 00:00:53]} b6 {[%clk 00:59:47]} {[%emt 00:00:22]} 4.
Nc3 {[%clk 00:59:58]} {[%emt 00:01:29]} Bb7 {[%clk 00:59:48]} {[%emt 00:00:28]}
5. Bg5 {[%clk 00:58:16]} {[%emt 00:02:13]} Be7 {[%clk 00:57:28]} {[%emt
00:02:50]} 6. Bxf6 {[%clk 00:58:18]} {[%emt 00:00:29]} Bxf6 {[%clk 00:57:11]}
{[%emt 00:00:47]} 7. e4 {[%clk 00:58:42]} {[%emt 00:00:05]} O-O {[%clk
00:56:34]} {[%emt 00:01:07]} 8. Bd3 {[%clk 00:57:12]} {[%emt 00:02:00]} d6
{[%clk 00:55:26]} {[%emt 00:01:37]} 9. O-O {[%clk 00:55:47]} {[%emt 00:01:55]}
Nd7 {[%clk 00:54:53]} {[%emt 00:01:03]} 10. Bc2 {[%clk 00:51:21]} {[%emt
00:04:57]} g6 {[%clk 00:52:00]} {[%emt 00:03:22]} 11. Ne1 {[%clk 00:49:13]}
{[%emt 00:02:39]} c5 {[%clk 00:51:27]} {[%emt 00:01:04]} 12. d5 {[%clk
00:46:43]} {[%emt 00:03:00]} Ne5 {[%clk 00:51:16]} {[%emt 00:00:39]} 13. Bd3
{[%clk 00:40:10]} {[%emt 00:07:04]} exd5 {[%clk 00:49:37]} {[%emt 00:02:10]} 14.
exd5 {[%clk 00:39:58]} {[%emt 00:00:40]} Ba6 {[%clk 00:48:54]} {[%emt
00:01:14]} 15. Qa4 {[%clk 00:39:07]} {[%emt 00:01:22]} Bc8 {[%clk 00:46:52]}
{[%emt 00:02:32]} 16. Ne4 {[%clk 00:35:30]} {[%emt 00:04:07]} Nxd3 {[%clk
00:46:07]} {[%emt 00:01:15]} 17. Nxf6+ {[%clk 00:35:34]} {[%emt 00:00:26]} Qxf6
{[%clk 00:46:10]} {[%emt 00:00:26]} 18. Nxd3 {[%clk 00:36:02]} {[%emt
00:00:03]} Bf5 {[%clk 00:45:56]} {[%emt 00:00:43]} 19. Nf4 {[%clk 00:34:11]}
{[%emt 00:02:21]} Qxb2 {[%clk 00:45:50]} {[%emt 00:00:36]} 20. Rae1 {[%clk
00:34:08]} {[%emt 00:00:33]} a6 {[%clk 00:41:48]} {[%emt 00:04:33]} 21. Qc6
{[%clk 00:30:02]} {[%emt 00:04:35]} Qd4 {[%clk 00:40:59]} {[%emt 00:01:18]} 22.
g3 {[%clk 00:29:51]} {[%emt 00:00:42]} Qxc4 {[%clk 00:40:47]} {[%emt 00:00:41]}
23. Re7 {[%clk 00:28:01]} {[%emt 00:02:21]} g5 {[%clk 00:33:45]} {[%emt
00:07:32]} 24. Nh5 {[%clk 00:25:16]} {[%emt 00:03:16]} Bg6 {[%clk 00:33:50]}
{[%emt 00:00:24]} 25. Nf6+ {[%clk 00:25:33]} {[%emt 00:00:13]} Kg7 {[%clk
00:34:05]} {[%emt 00:00:15]} 26. Qxd6 {[%clk 00:25:13]} {[%emt 00:00:50]} Qd4
{[%clk 00:31:45]} {[%emt 00:02:50]} 27. Re5 {[%clk 00:23:30]} {[%emt 00:02:12]}
c4 {[%clk 00:29:43]} {[%emt 00:02:32]} 28. Nd7 {[%clk 00:21:18]} {[%emt
00:02:43]} c3 {[%clk 00:28:04]} {[%emt 00:02:09]} 29. Qf6+ {[%clk 00:20:46]}
{[%emt 00:01:02]} Kg8 {[%clk 00:27:57]} {[%emt 00:00:37]} 30. Qxg5 {[%clk
00:20:38]} {[%emt 00:00:38]} c2 {[%clk 00:25:28]} {[%emt 00:02:58]} 31. Qh6
{[%clk 00:18:08]} {[%emt 00:03:00]} Rfd8 {[%clk 00:24:05]} {[%emt 00:01:54]} 32.
Nf6+ {[%clk 00:16:59]} {[%emt 00:01:39]} Kh8 {[%clk 00:24:23]} {[%emt
00:00:11]} 33. Nxh7 {[%clk 00:17:17]} {[%emt 00:00:13]} Bxh7 {[%clk 00:22:53]}
{[%emt 00:02:00]} 34. Qf6+ {[%clk 00:17:45]} {[%emt 00:00:03]} Kg8 {[%clk
00:23:05]} {[%emt 00:00:17]} 35. Rg5+ {[%clk 00:18:06]} {[%emt 00:00:09]} Bg6
{[%clk 00:22:33]} {[%emt 00:01:03]} 36. Rxg6+ {[%clk 00:18:05]} {[%emt
00:00:31]} fxg6 {[%clk 00:22:51]} {[%emt 00:00:11]} 37. Qxd4 {[%clk 00:18:30]}
{[%emt 00:00:06]} Rac8 {[%clk 00:23:12]} {[%emt 00:00:08]} 38. Rc1 {[%clk
00:18:25]} {[%emt 00:00:34]} Rc5 {[%clk 00:23:16]} {[%emt 00:00:27]} 39. Qf6
{[%clk 00:17:26]} {[%emt 00:01:29]} Rdxd5 {[%clk 00:23:11]} {[%emt 00:00:35]}
40. Qxg6+ {[%clk 00:17:35]} {[%emt 00:00:20]} Kf8 {[%clk 00:23:29]} {[%emt
00:00:12]} 41. Rxc2 {[%clk 00:17:55]} {[%emt 00:00:11]} 1-0

[Event "New Zealand Junior Championship"]
[Site "Wellington"]
[Date "2023.01.09"]
[Round "7.5"]
[White "Qi, Jenny"]
[Black "Van der Hoorn, Thomas"]
[Result "0-1"]
[TimeControl "60 mins plus 30 secs per move"]
[WhiteFideId "30995914"]
[BlackFideId "4314565"]
[WhiteElo "1556"]
[BlackElo "2068"]

1. e4 {[%clk 01:00:59]} {[%emt 00:05:41]} e5 {[%clk 01:00:39]} {[%emt
00:00:21]} 2. Nf3 {[%clk 01:01:25]} {[%emt 00:00:03]} Nf6 {[%clk 01:00:54]}
{[%emt 00:00:16]} 3. Nxe5 {[%clk 01:01:49]} {[%emt 00:00:05]} Nc6 {[%clk
01:01:19]} {[%emt 00:00:05]} 4. Nxc6 {[%clk 01:02:00]} {[%emt 00:00:19]} dxc6
{[%clk 01:01:45]} {[%emt 00:00:05]} 5. d3 {[%clk 01:02:08]} {[%emt 00:00:22]}
Bc5 {[%clk 01:01:59]} {[%emt 00:00:15]} 6. Be2 {[%clk 01:02:29]} {[%emt
00:00:08]} h5 {[%clk 01:02:15]} {[%emt 00:00:14]} 7. c3 {[%clk 01:02:36]}
{[%emt 00:00:23]} Ng4 {[%clk 00:58:39]} {[%emt 00:04:06]} 8. d4 {[%clk
01:02:45]} {[%emt 00:00:21]} Be7 {[%clk 00:57:05]} {[%emt 00:02:05]} 9. h3
{[%clk 01:01:26]} {[%emt 00:01:48]} Nf6 {[%clk 00:57:09]} {[%emt 00:00:27]} 10.
e5 {[%clk 00:59:39]} {[%emt 00:02:16]} Nd5 {[%clk 00:54:30]} {[%emt 00:03:09]}
11. Bxh5 {[%clk 00:53:11]} {[%emt 00:06:58]} Bf5 {[%clk 00:54:25]} {[%emt
00:00:36]} 12. Bf3 {[%clk 00:49:59]} {[%emt 00:03:40]} Qd7 {[%clk 00:54:31]}
{[%emt 00:00:25]} 13. Qe2 {[%clk 00:40:51]} {[%emt 00:09:37]} O-O-O {[%clk
00:54:15]} {[%emt 00:00:47]} 14. Be3 {[%clk 00:36:58]} {[%emt 00:04:24]} Kb8
{[%clk 00:53:53]} {[%emt 00:00:53]} 15. Nd2 {[%clk 00:36:17]} {[%emt 00:01:10]}
f6 {[%clk 00:52:22]} {[%emt 00:02:02]} 16. Bxd5 {[%clk 00:30:24]} {[%emt
00:06:22]} Qxd5 {[%clk 00:51:03]} {[%emt 00:01:50]} 17. Qf3 {[%clk 00:30:25]}
{[%emt 00:00:28]} Qe6 {[%clk 00:51:15]} {[%emt 00:00:18]} 18. exf6 {[%clk
00:29:49]} {[%emt 00:01:06]} Bxf6 {[%clk 00:51:36]} {[%emt 00:00:10]} 19. O-O-O
{[%clk 00:28:54]} {[%emt 00:01:24]} Bg6 {[%clk 00:49:36]} {[%emt 00:02:30]} 20.
Nb3 {[%clk 00:23:38]} {[%emt 00:05:48]} a5 {[%clk 00:45:57]} {[%emt 00:04:09]}
21. Bf4 {[%clk 00:21:38]} {[%emt 00:02:28]} Qf5 {[%clk 00:42:20]} {[%emt
00:04:07]} 22. Bxc7+ {[%clk 00:21:39]} {[%emt 00:00:30]} Kxc7 {[%clk 00:42:42]}
{[%emt 00:00:08]} 23. Qxf5 {[%clk 00:22:04]} {[%emt 00:00:04]} Bxf5 {[%clk
00:43:05]} {[%emt 00:00:08]} 24. Nxa5 {[%clk 00:22:26]} {[%emt 00:00:08]} Bg5+
{[%clk 00:42:35]} {[%emt 00:01:00]} 25. Rd2 {[%clk 00:21:48]} {[%emt 00:01:08]}
Ra8 {[%clk 00:42:20]} {[%emt 00:00:46]} 26. Nb3 {[%clk 00:21:29]} {[%emt
00:00:49]} Rxa2 {[%clk 00:42:22]} {[%emt 00:00:27]} 27. Rhd1 {[%clk 00:21:33]}
{[%emt 00:00:26]} Rha8 {[%clk 00:42:02]} {[%emt 00:00:50]} 28. h4 {[%clk
00:21:37]} {[%emt 00:00:26]} Ra1+ {[%clk 00:42:22]} {[%emt 00:00:11]} 29. Nxa1
{[%clk 00:22:01]} {[%emt 00:00:05]} Rxa1# {[%clk 00:42:48]} {[%emt 00:00:04]}
0-1